=LDR 00000nam 2200000 4500 =001 INLIS000000000017477 =005 20130612112703 =008 ***********************************Ind** =035 ##$$0010-061300000017477 =041 ##$$a Ind =082 ##$$a 618.2 =090 ##$$a 612.2, Jor f =100 ##$$a Jordan, Sue =245 ##$$a Farmakologi kebidanan, Sue Jordan MB, BCH, PhD =260 ##$$a 2003 $b Jakarta =300 ##$$a xxi, 487 hlm., 23 cm =650 ##$$a Kebidanan, Ilmu =700 ##$$a Hartono, Andry =850 ##$$a NBPNMAT